| 000 | 00637nam a2200169 a 4500 | ||
|---|---|---|---|
| 001 | 000005066 | ||
| 005 | 20200929151553.0 | ||
| 008 | 090729s1969 dr ac 001 0 spa d | ||
| 040 |
_aDO-SdBNP _bspa _cBNPHU |
||
| 082 |
_a340.02 _bE795r |
||
| 110 | 1 |
_aInstituto Dominicano de Ciencias Jurídicas _914558 |
|
| 245 | 1 | 0 |
_aEstatutos y reglamentos : _bdiscurso de inguración del Dr. Carlos Cornielle /. |
| 246 | 1 | 3 | _aEstatutos y reglamentos |
| 260 |
_aSanto Domingo. : _bHorizontes de América, _c[1969]. |
||
| 300 |
_a62 p. : _bil., retrs. ; _c21 cm. |
||
| 610 | 2 |
_aINSTITUTO DOMINICANO DE CIENCIAS JURÍDICAS _xESTATUTOS, REGLAMENTOS, ETC. _914559 |
|
| 999 |
_c4870 _d4870 |
||